01992nam a22002417a 450000500170000000800410001702000180005802000150007605000260009110000190011724500920013626000740022830000600030250505060036252006090086852100080147765000260148565000280151165000380153994200170157799900190159495201370161320140903180109.0140903b xxu||||| |||| 00| 0 eng d a9781444329179 a1444329170 aRC 350.5b.N4885 2011 aWoodward, Sue. aNeuroscience nursing :bevidence-based practice /cSue Woodward and Ann-Marie Mestecky. aChichester, West Sussex, U.K. ; Ames, Iowa :bBlackwell Pub.,cc2011. axix, 659 page :billustration, (chiefly col.) ;c25 cm. aAnatomy and physiology of the nervous system -- Assessment, interpretation and management of specific problems in the neurological patient -- Neurological investigations and neurosurgical procedures -- Management of patients with intracranial disorders and disease -- Management of patients with long-term conditions -- Management of patients following head and spinal trauma -- Management of patients with neuropathies and spinal disorders and disease -- Fundamental concepts of neuroscience nursing. a"Superior ... An important resource for nurses". Shanne McNamara, Vice President, British Association of Neuroscience Nurses. Neuroscience Nursing is a comprehensive, practical text that reflects both the richness and the diversity of contemporary neuroscience nursing. This important new text aims to inform the practice of neuroscience nursing through the report of current research, best available evidence, policy and education. This important new book is divided into several sections exploring: anatomy and physiology of the nervous system; assessment, interpretation and management of specific pr. aNUR aNeurological nursing. aEvidence-based nursing. aNervous System DiseasesxNursing. 2lcccBKkFOR c275411d275411 00102lcc407OPaCLbCLcGCd2014-09-03eDONATIONl1oRC 350.5 .N4885 2011pC18571r2023-02-21 00:00:00s2023-02-14w2014-09-03yBK